000 00532nam a22001817a 4500
999 _c191002
_d191002
005 20220817111204.0
010 _aENG-134443
020 _c200.00
_a9789390082087
035 _aEN-117975
037 _bDBAD/PUB
082 _a658.882
100 _aS,J.Abul Hassan
245 _aMercantile Law/
_cby S,J.Abul Hassan
260 _bShanlax Publications
_c2020
_aMadurai
270 _a61,66 T.P.K.Main Road Vasantha Nagar,
_bMadurai
_e625003
300 _a207p.:
_c22cm(pbk)
_bill.
942 _2ddc
_cEN
_h658.882
_mSJA